1+1 farebný ohňostroj jesene

Bibliographic Details
Main Authors: Pauer, Marián, 1945- (Author, Interviewer), Lendel, Rudolf, 1950- (Author), Šulla, Drahotín, 1932- (Author)
Format: Article
Language:Slovak
PhysicalDescription:Fotogr.
ISSN:1336-5754
Subjects:

MARC

LEADER 00000nab a2200000 a 4500
001 vtls008427655
003 SK-MaSNL
005 20260303070244.0
008 050623c2005 xo mr|p|||||||000 b|slo
015 |a SNBRB2006/02  |2 snkbucl 
038 |a SNKBUCL 
040 |a SNKBUCL  |b slo  |c SNKBUCL  |e AACR2 
041 0 |a slo 
044 |a xo  |c SK 
080 |a 77.04  |2 1997 
080 |a 929 Lendel, Rudolf  |2 1997 
080 |a 929 Šulla, Drahotín  |2 1997 
100 1 |a Pauer, Marián,  |d 1945-   |4 aut  |4 ivr  |9 92776 
245 1 0 |a 1+1  |b farebný ohňostroj jesene  |c Marián Pauer, Rudolf Lendel, Drahotín Šulla 
300 |b Fotogr. 
600 1 7 |a Lendel, Rudolf,  |d 1950-  |2 snkbucl  |9 99702 
600 1 7 |a Šulla, Drahotín,  |d 1932-  |2 snkbucl  |9 37209 
650 0 7 |a fotografovanie  |2 snkbucl  |9 3158 
700 1 |a Lendel, Rudolf,  |d 1950-   |4 aut  |4 ive  |9 99702 
700 1 |a Šulla, Drahotín,  |d 1932-  |4 aut  |4 ive  |9 37209 
773 0 |t DiGi revue  |g Roč. 1, č. 10 (2005), s. 14-19  |x 1336-5754 
852 |a SNK  |b KIS3GCP 
958 |a BX 
999 |c 1754537  |d 1756467